000 00429cam a22001337a 4500
008 180718b1958 xxu||||| |||| 00| 0 eng d
082 _aA6x5407 H216
100 _aHardas, Balshatri
245 _aArmed struggle for freedom: nintey years war of Indian independence,1857 to Subhash
_cby Balshastri Hardas
260 _aPoona
_bKal
_c1958
300 _a469p.
650 _aNationalism - India
650 _aIndia - History - 1858-1947
999 _c367385
_d367385